1970 FIFA World Cup Team Logos - Statistics

General Stats
  • This quiz has been taken 57 times
  • The average score is 14 of 16
Answer Stats
Picture Answer % Correct
Brazil
100%
England
98%
Italy
98%
Mexico
98%
Sweden
98%
West Germany
98%
Soviet Union
96%
Bulgaria
94%
Peru
92%
Uruguay
92%
Morocco
90%
Romania
90%
Czechoslovakia
76%
Israel
71%
Belgium
69%
El Salvador
69%
No matching quizzes found
Score Distribution
Percent of People with Each Score
Percentile by Number Answered
Your Score History
You have not taken this quiz